000 01607cam a22004814i 4500
003 PE-LiUPU
005 20250731173430.0
008 150706s2007 flu r 000 0 spa d
020 _a0829749950
020 _a9780829749953
035 _a(Sirsi) i9780829749953
040 _aPE-LiUPU
_bspa
_cPE-LiUPU
_erda
049 _aPRUA
082 0 4 _a251.02
_bC84
_221
100 1 _aCrabtree, T. T.,
_eautor.
245 1 0 _aAnuario pastoral de Zondervan /
_cT. T. Crabtree.
264 1 _aMiami :
_bVida,
_c2007.
300 _a393 páginas ;
_c23 céntimetros
336 _atext
_2rdacontent
337 _aunmediated
_2rdamedia
338 _avolume
_2rdacarrier
500 _aTraducido del original en inglés: The Zondervan 2006 Pastor's Annual.
505 0 _aSermones para los miércoles y domingos de un año.
526 _aSEG42
526 _aSEG41
526 _aSEG40
526 _aSEG39
526 _aP94
526 _aP87
526 _aP86
526 _aP85
526 _aP77
526 _aP76
526 _aP35
541 _g001-0000629;
650 1 4 _aSermones.
910 _cbd
_d20130506
942 _2ddc
_cBOOK
949 _a251.02 C84
_wDEWEY
_c1
_i67080
_lCCODEBUL1
_mBUL
_p21.00
_r0
_sY
_tBOOK
_u2015-7-6
_xTEOLOGIA
_PP35
_o.STAFF. Colección General
994 _aC0
_bPEPRU
596 _a1
999 _a251.02 C84
_wDEWEY
_c54788
_i67080
_d54788
_e2019-6-23
_f2021-11-10
_g5
_lCCODEBUL1
_mBUL
_n10
_p21.00
_q3
_r0
_sY
_tBOOK
_u2015-7-6
_xTEOLOGIA
_PP35
_0COMPRA
_o.STAFF. Colección Teología
980 _81
_gALBERTO SANCHEZ Responsable de Automatización